Lippincott Illustrated Review Pharmacology (Record no. 5880)

MARC details
000 -LEADER
fixed length control field 00580nam a22002177a 4500
003 - CONTROL NUMBER IDENTIFIER
control field OSt
005 - DATE AND TIME OF LATEST TRANSACTION
control field 20171206132229.0
008 - FIXED-LENGTH DATA ELEMENTS--GENERAL INFORMATION
fixed length control field 171127b xxu||||| |||| 00| 0 eng d
020 ## - INTERNATIONAL STANDARD BOOK NUMBER
International Standard Book Number 9781469887562
020 ## - INTERNATIONAL STANDARD BOOK NUMBER
International Standard Book Number 1469887568
040 ## - CATALOGING SOURCE
Transcribing agency DNLM
050 ## - LIBRARY OF CONGRESS CALL NUMBER
Classification number QV18 W553p 2015
100 ## - MAIN ENTRY--PERSONAL NAME
Personal name Wharen, Karen; Harvey, Richard A.
9 (RLIN) 12255
245 ## - TITLE STATEMENT
Title Lippincott Illustrated Review Pharmacology
250 ## - EDITION STATEMENT
Edition statement 6th ed.
260 ## - PUBLICATION, DISTRIBUTION, ETC. (IMPRINT)
Place of publication, distribution, etc. Philadelphia; Wolters Kluwer, 2015
300 ## - PHYSICAL DESCRIPTION
Extent xi,664p;col.ill: 28cm
504 ## - BIBLIOGRAPHY, ETC. NOTE
Bibliography, etc Index included
650 ## - SUBJECT ADDED ENTRY--TOPICAL TERM
Topical term or geographic name as entry element Pharmacology
9 (RLIN) 357
942 ## - ADDED ENTRY ELEMENTS (KOHA)
Source of classification or shelving scheme Other/Generic Classification Scheme
Koha item type Short Loan
Holdings
Withdrawn status Lost status Source of classification or shelving scheme Damaged status Not for loan Home library Current library Date acquired Source of acquisition Inventory number Total Checkouts Full call number Barcode Date last seen Koha item type
    Other/Generic Classification Scheme     Pharmacy Department Library Pharmacy Department Library 27/11/2017   17/40144   QV18 W553p 2015 2017-0900 27/11/2017 Book Bank
    Other/Generic Classification Scheme     Pharmacy Department Library Pharmacy Department Library 27/11/2017   17/40145   QV18 W553p 2015 2017-0901 27/11/2017 Book Bank